Statistics for U.S. States with Two Words - Shape Quiz

Click here to take the quiz!

General Stats

  • This quiz has been taken 41 times
  • The average score is 9 of 10

Answer Stats

Answer% Correct
New York
98%
New Hampshire
95%
South Dakota
95%
New Jersey
90%
New Mexico
90%
South Carolina
90%
North Carolina
88%
West Virginia
88%
North Dakota
85%
Rhode Island
83%

Score Distribution

Percentile by Number Answered

Percent of People with Each Score

Your Score History

You have not taken this quiz